Výklad sv. katechizmu dra Martina Luthera

Bibliographic Details
Format: Book
Language:Slovak

MARC

LEADER 00000nam a2200000 a 4500
001 vtls001321399
003 SK-MaSNL
005 20260223125233.0
008 160628sm y0 xo r 0 slo
035 |a SNK000274057 
040 |a SNK  |b slo  |c SNK  |e AACR2 
044 |a xo  |c SK 
245 1 |a Výklad sv. katechizmu dra Martina Luthera 
999 |c 545145  |d 547075 
952 |t P60, <03>, [BOOK], {603}  |a SNK  |b SNK  |y PREZ  |7 0  |o snkSD 42536  |i snkK 1601/73  |0 0  |1 0  |4 0  |d 1998-02-18  |l 0  |r 2005-01-02 00:00:00  |w 2026-02-23